[Event "PAR-ch qual1"]
[Site "Encarnacion"]
[Date "2019.03.04"]
[Round "7"]
[White "Del Puerto, Rodrigo"]
[Black "Krauss, Victor Fernando"]
[Result "1-0"]
[WhiteElo "2216"]
[BlackElo "1625"]
[PlyCount "63"]
[EventDate "2019.03.01"]
[EventType "swiss"]
[EventRounds "7"]
[EventCountry "PAR"]
[SourceTitle "CBM 192 Extra"]
[Source "Chessbase"]
[SourceDate "2019.11.06"]
[SourceVersion "1"]
[SourceVersionDate "2019.11.06"]
[SourceQuality "1"]

1. d4 d5 2. Bf4 Nf6 3. e3 e6 4. Nd2 Be7 5. Bd3 0-0 6. Ngf3 Nbd7 7. Ne5 c5 8. c3 c4 9. Bc2 Re8 10. g4 Nxe5 11. dxe5 Nd7 12. h4 Nf8 13. g5 b5 14. a3 a5 15. Nf3 Bd7 16. Rg1 b4 17. axb4 axb4 18. cxb4 Bxb4+ 19. Kf1 Bb5 20. Kg2 Qc7 21. Kh3 Ra7 22. Rxa7 Qxa7 23. Nh2 Ra8 24. Ng4 Ba4 25. h5 Bxc2 26. Qxc2 Qc7 27. h6 Ng6 28. hxg7 Kxg7 29. Kg3 Be7 30. Rh1 Rd8 31. Nf6 Rh8 32. Rxh7+ 1-0

[Event "PAR-ch qual1"]
[Site "Encarnacion"]
[Date "2019.03.02"]
[Round "2"]
[White "Del Puerto, Rodrigo"]
[Black "Oviedo Acosta, Paula"]
[Result "1-0"]
[WhiteElo "2216"]
[BlackElo "1593"]
[PlyCount "129"]
[EventDate "2019.03.01"]
[EventType "swiss"]
[EventRounds "7"]
[EventCountry "PAR"]
[SourceTitle "CBM 192 Extra"]
[Source "Chessbase"]
[SourceDate "2019.11.06"]
[SourceVersion "1"]
[SourceVersionDate "2019.11.06"]
[SourceQuality "1"]

1. d4 Nf6 2. Bf4 g6 3. e3 Bg7 4. Nf3 d6 5. Be2 0-0 6. 0-0 b6 7. h3 Bb7 8. a4 a6 9. Bh2 Nbd7 10. c4 Re8 11. Nc3 Ne4 12. Nxe4 Bxe4 13. a5 Bb7 14. Qa4 c5 15. Rfd1 Qc7 16. b4 Bc6 17. Qa3 Qa7 18. axb6 Qxb6 19. bxc5 dxc5 20. Rac1 Qa7 21. d5 Bb7 22. Qb3 Bc8 23. Qa4 Nf6 24. Ne5 Bf5 25. Bd3 Bxd3 26. Rxd3 Rab8 27. Ra1 Rb4 28. Qc2 Qb7 29. Rda3 Nd7 30. f4 Rb2 31. Qd3 Ra8 32. Bg3 Nxe5 33. fxe5 e6 34. R1a2 Rd8 35. e4 exd5 36. exd5 Re8 37. Rxb2 Qxb2 38. Rxa6 Bxe5 39. Bxe5 Rxe5 40. Ra8+ Kg7 41. Ra3 Re1+ 42. Kh2 Rc1 43. d6 Rc2 44. Qg3 Rxc4 45. d7 Qf6 46. Rd3 Qd8 47. Qe5+ f6 48. Qd6 Rd4 49. Rxd4 cxd4 50. Qxd4 Kf8 51. Qd6+ Kf7 52. Kg3 h6 53. Kf3 Qa8+ 54. Ke3 Qd8 55. Kd4 h5 56. g3 g5 57. g4 h4 58. Ke4 Qa8+ 59. Qd5+ Qxd5+ 60. Kxd5 Ke7 61. d8Q+ Kxd8 62. Ke6 Ke8 63. Kxf6 Kf8 64. Kxg5 Kg7 65. Kxh4 1-0

[Event "Curitiba IM"]
[Site "Curitiba"]
[Date "2017.05.18"]
[Round "6"]
[White "Gonzalez, Bolivar Ribeiro"]
[Black "Del Puerto, Rodrigo"]
[Result "0-1"]
[WhiteElo "2189"]
[BlackElo "2183"]
[PlyCount "182"]
[EventDate "2017.05.15"]
[EventType "tourn"]
[EventRounds "9"]
[EventCountry "BRA"]
[EventCategory "2"]
[SourceTitle "CBM 178 Extra"]
[Source "ChessBase"]
[SourceDate "2017.06.22"]
[SourceVersion "1"]
[SourceVersionDate "2017.06.22"]
[SourceQuality "1"]

1. e4 e5 2. Nf3 Nc6 3. Bc4 Bc5 4. 0-0 Nf6 5. b4 Bxb4 6. c3 Be7 7. d4 0-0 8. dxe5 Nxe4 9. Qd5 Nc5 10. Nd4 d6 11. exd6 cxd6 12. Bb5 Nxd4 13. cxd4 Ne6 14. Bd3 Bf6 15. Be3 Nc7 16. Qb3 b6 17. Rc1 g6 18. Nc3 Bb7 19. a4 Ne6 20. Ne2 Rc8 21. a5 Rxc1+ 22. Rxc1 Qa8 23. f3 bxa5 24. Qb5 a6 25. Qxa5 Rc8 26. Rxc8+ Qxc8 27. Kf2 Kg7 28. Qa3 d5 29. g3 Qc6 30. h4 h5 31. Kg2 Qb6 32. Qa4 a5 33. Bd2 Bc6 34. Bxa5 Bxa4 35. Bxb6 Bd1 36. Nc3 Bb3 37. Ne2 Kf8 38. Kf2 Ke7 39. Ke3 Kd6 40. Ba5 Bd1 41. Bc3 Kc6 42. Nf4 Nxf4 43. Kxf4 Ba4 44. Ke3 Bb5 45. Bxb5+ Kxb5 46. Kd3 Be7 47. Be1 f5 48. Bd2 Bd6 49. Be1 Bb4 50. Bf2 Bd6 51. Be1 Ka4 52. Kc2 Be7 53. Bd2 Bd6 54. Be1 Bc7 55. Kb2 Bb6 56. Bc3 Bd8 57. Bd2 Bf6 58. Kc3 Be7 59. Bf4 Bb4+ 60. Kd3 Kb3 61. Be5 Be1 62. Ke2 Bc3 63. Kd3 Bb2 64. Bf6 Bc1 65. Be5 Bh6 66. Bd6 Bc1 67. Be5 Ba3 68. Bc7 Be7 69. Be5 g5 70. hxg5 Bxg5 71. Bc7 Bh6 72. Be5 Kb2 73. Bc7 Kc1 74. Kc3 Bd2+ 75. Kd3 Kd1 76. g4 hxg4 77. fxg4 fxg4 78. Bg3 Be1 79. Be5 Bf2 80. Kc3 Ke2 81. Kb4 Kd3 82. Kc5 Ke4 83. Kd6 g3 84. Kc6 g2 85. Bh2 Bxd4 86. Kb5 g1Q 87. Bxg1 Bxg1 88. Kb4 Kd3 89. Kb3 d4 90. Kb2 Be3 91. Kb3 Ke2 0-1

[Event "PAR-ch"]
[Site "Asuncion"]
[Date "2016.12.09"]
[Round "6"]
[White "Del Puerto, Rodrigo"]
[Black "Valiente, Cristobal"]
[Result "1/2-1/2"]
[WhiteElo "2163"]
[BlackElo "2220"]
[PlyCount "80"]
[EventDate "2016.12.05"]
[EventType "tourn"]
[EventRounds "9"]
[EventCountry "PAR"]
[EventCategory "5"]
[SourceTitle "CBM 176 Extra"]
[Source "ChessBase"]
[SourceDate "2017.03.02"]
[SourceVersion "1"]
[SourceVersionDate "2017.03.02"]
[SourceQuality "1"]

1. d4 Nf6 2. c4 e6 3. Nf3 Bb4+ 4. Nbd2 0-0 5. g3 b6 6. Bg2 Bb7 7. 0-0 d5 8. cxd5 exd5 9. Ne5 Nbd7 10. Ndf3 Bd6 11. Bg5 Qe8 12. Nxd7 Nxd7 13. Rc1 Qe6 14. Qd2 Rfe8 15. Bf4 h6 16. Rc2 c5 17. Bxd6 Qxd6 18. dxc5 bxc5 19. e3 Nf6 20. Qa5 Ne4 21. Nd2 Qb6 22. Qa3 Nxd2 23. Rxd2 Rad8 24. Rfd1 Re5 25. h4 d4 26. Qb3 Qxb3 27. axb3 Bxg2 28. Kxg2 Rb8 29. exd4 cxd4 30. Rxd4 Rxb3 31. R1d2 Reb5 32. Rd8+ Kh7 33. Ra8 Rxb2 34. Rxb2 Rxb2 35. Rxa7 Kg8 36. g4 Rb4 37. Kg3 g6 38. f3 Kg7 39. Kh3 Rb3 40. Kg3 Rb4 1/2-1/2

[Event "PAR-ch op"]
[Site "Asuncion"]
[Date "2016.10.26"]
[Round "7"]
[White "Cantero, Rodolfo"]
[Black "Del Puerto, Rodrigo"]
[Result "1-0"]
[WhiteElo "1995"]
[BlackElo "2175"]
[PlyCount "101"]
[EventDate "2016.10.21"]
[EventType "swiss"]
[EventRounds "9"]
[EventCountry "PAR"]
[SourceTitle "EXT 2018"]
[Source "ChessBase"]
[SourceDate "2017.10.13"]
[SourceVersion "1"]
[SourceVersionDate "2017.10.13"]
[SourceQuality "1"]

1. e4 e5 2. Nf3 Nc6 3. Bb5 a6 4. Ba4 Nf6 5. d3 b5 6. Bb3 Be7 7. 0-0 0-0 8. Re1 d6 9. c3 Na5 10. Bc2 c5 11. Nbd2 Re8 12. Nf1 Bf8 13. Ng3 g6 14. d4 Bb7 15. d5 Bg7 16. b3 Qc7 17. h3 Bc8 18. Be3 h6 19. Qd2 Kh7 20. Nh2 Bd7 21. f4 Nb7 22. Rf1 c4 23. fxe5 dxe5 24. b4 Nd6 25. Rf2 Rec8 26. Raf1 Nde8 27. Bc5 a5 28. Bb1 axb4 29. Bxb4 Ra4 30. Be7 Qb6 31. Kh1 b4 32. Bxb4 Rxb4 33. cxb4 c3 34. Qc2 Bb5 35. Rc1 Bd3 36. Rxf6 Bxf6 37. Qxd3 Qxb4 38. Ne2 c2 39. Bxc2 Nd6 40. Rf1 Bg7 41. Nf3 f5 42. exf5 e4 43. fxg6+ Kh8 44. Qb3 Qc5 45. Ne1 Nc4 46. Rf7 Qa5 47. Rxg7 Qxe1+ 48. Ng1 Nd6 49. Rh7+ Kg8 50. Qb2 Nf5 51. Qh8# 1-0

[Event "Asuncion Clasificatorio op 4th"]
[Site "Asuncion"]
[Date "2016.07.02"]
[Round "3.4"]
[White "Del Puerto, Rodrigo"]
[Black "Benitez Galeano, Alejandro"]
[Result "1-0"]
[WhiteElo "2181"]
[BlackElo "1904"]
[PlyCount "69"]
[EventDate "2016.07.01"]
[EventType "swiss"]
[EventRounds "7"]
[EventCountry "PAR"]
[SourceTitle "EXT 2023"]
[Source "ChessBase"]
[SourceDate "2022.10.05"]
[SourceVersion "1"]
[SourceVersionDate "2022.10.05"]
[SourceQuality "1"]

1. c4 Nf6 2. g3 g6 3. Bg2 Bg7 4. Nc3 0-0 5. Nf3 d6 6. 0-0 c5 7. d4 Nbd7 8. d5 a6 9. a4 Qc7 10. h3 e6 11. dxe6 fxe6 12. Bf4 Ne5 13. Nxe5 dxe5 14. Be3 Rd8 15. Qb3 Rb8 16. a5 b6 17. axb6 Rxb6 18. Qa2 Rb4 19. Na4 Rd4 20. b3 Nd7 21. Nc3 Qb6 22. Bxd4 exd4 23. Ne4 Ne5 24. Qa5 Rxb3 25. Nxc5 Qxa5 26. Rxa5 Rb2 27. Nxa6 Rxe2 28. Nc5 Nxc4 29. Ra8 Nb6 30. Rb8 Rb2 31. Nd7 Nxd7 32. Rxb2 d3 33. Ra2 Kf7 34. Rc1 Nb6 35. Be4 1-0

[Event "Foz do Iguacu op 1st"]
[Site "Foz do Iguacu"]
[Date "2013.12.13"]
[Round "3"]
[White "Del Puerto, Rodrigo"]
[Black "Moreira Dropa, Rodrigo"]
[Result "1/2-1/2"]
[WhiteElo "2175"]
[BlackElo "1971"]
[PlyCount "38"]
[EventDate "2013.12.12"]
[EventType "swiss"]
[EventRounds "7"]
[EventCountry "BRA"]
[SourceTitle "CBM 158 Extra"]
[Source "ChessBase"]
[SourceDate "2014.02.28"]
[SourceVersion "1"]
[SourceVersionDate "2014.02.28"]
[SourceQuality "1"]

1. e4 d5 2. exd5 Qxd5 3. Nc3 Qa5 4. d4 Nf6 5. Nf3 Bg4 6. h3 Bxf3 7. Qxf3 c6 8. Bd2 e6 9. Ne4 Qd8 10. Nxf6+ Qxf6 11. Qxf6 gxf6 12. 0-0-0 Nd7 13. Be2 Bd6 14. Rhe1 b5 15. Bh5 Ke7 16. g3 Nb6 17. Bh6 Nd5 18. Re2 a5 19. Bf3 a4 1/2-1/2

[Event "Foz do Iguacu op 1st"]
[Site "Foz do Iguacu"]
[Date "2013.12.13"]
[Round "2"]
[White "Robson, Farias Idalgo Filho"]
[Black "Del Puerto, Rodrigo"]
[Result "0-1"]
[WhiteElo "1696"]
[BlackElo "2175"]
[PlyCount "70"]
[EventDate "2013.12.12"]
[EventType "swiss"]
[EventRounds "7"]
[EventCountry "BRA"]
[SourceTitle "CBM 158 Extra"]
[Source "ChessBase"]
[SourceDate "2014.02.28"]
[SourceVersion "1"]
[SourceVersionDate "2014.02.28"]
[SourceQuality "1"]

1. e4 c5 2. Nc3 e6 3. Nf3 a6 4. d4 cxd4 5. Nxd4 Qc7 6. Bd3 Nf6 7. 0-0 Bc5 8. Nb3 Be7 9. Qe2 d6 10. f4 Nbd7 11. Bd2 b5 12. a3 Bb7 13. Rae1 h5 14. Kh1 h4 15. h3 Nh5 16. Rf3 Ng3+ 17. Rxg3 hxg3 18. Nd5 exd5 19. exd5 Nb6 20. Ba5 Bxd5 21. Bf5 Rb8 22. Qd3 Qb7 23. Qxg3 Kf8 24. Bc3 Bf6 25. Bxf6 gxf6 26. Nd4 Re8 27. Rxe8+ Kxe8 28. Qg7 Rf8 29. Ne6 Bxe6 30. Bxe6 Qe4 31. Bg4 Qxf4 32. Qh7 f5 33. Bxf5 Nc4 34. Qh5 Ne3 35. Qe2 Qf1+ 0-1

[Event "Foz do Iguacu op 1st"]
[Site "Foz do Iguacu"]
[Date "2013.12.12"]
[Round "1"]
[White "Del Puerto, Rodrigo"]
[Black "Zarate, Fernandoh"]
[Result "1/2-1/2"]
[WhiteElo "2175"]
[BlackElo "1831"]
[PlyCount "73"]
[EventDate "2013.12.12"]
[EventType "swiss"]
[EventRounds "7"]
[EventCountry "BRA"]
[SourceTitle "CBM 158 Extra"]
[Source "ChessBase"]
[SourceDate "2014.02.28"]
[SourceVersion "1"]
[SourceVersionDate "2014.02.28"]
[SourceQuality "1"]

1. Nf3 d6 2. e4 g6 3. d4 Bg7 4. Nc3 Nf6 5. Be2 0-0 6. 0-0 a6 7. Re1 Nbd7 8. a4 c5 9. h3 cxd4 10. Nxd4 Nc5 11. Bf3 e5 12. Nde2 b6 13. Bg5 Ne6 14. Be3 Bb7 15. Qd2 Qc7 16. g4 Rad8 17. Bg2 d5 18. exd5 Rd7 19. Rad1 Rfd8 20. Qc1 Nxd5 21. Nxd5 Bxd5 22. Bxd5 Rxd5 23. Rxd5 Rxd5 24. Rd1 Nd4 25. Nxd4 exd4 26. Bh6 Bxh6 27. Qxh6 Qxc2 28. Rc1 d3 29. Kg2 g5 30. Rxc2 dxc2 31. Qc6 Rc5 32. Qe8+ Kg7 33. b4 Rc4 34. Qe5+ Kf8 35. Qh8+ Ke7 36. Qe5+ Kf8 37. Qh8+ 1/2-1/2

[Event "PAR-ch"]
[Site "Asuncion"]
[Date "2009.09.13"]
[Round "8"]
[White "Del Puerto, Rodrigo"]
[Black "Peralta, Eduardo"]
[Result "1/2-1/2"]
[WhiteElo "2105"]
[BlackElo "2283"]
[PlyCount "55"]
[EventDate "2009.09.06"]
[EventType "swiss"]
[EventRounds "9"]
[EventCountry "PAR"]
[SourceTitle "CBM 132 Extra"]
[Source "ChessBase"]
[SourceDate "2009.11.03"]
[SourceVersion "1"]
[SourceVersionDate "2009.11.03"]
[SourceQuality "1"]

1. e4 c5 2. Nf3 Nc6 3. d4 cxd4 4. Nxd4 g6 5. Nc3 Bg7 6. Be3 Nf6 7. Nb3 0-0 8. Be2 a5 9. a4 d6 10. 0-0 Bd7 11. f4 Nb4 12. Qd2 Bc6 13. Bf3 d5 14. e5 Ne4 15. Bxe4 dxe4 16. Qf2 f6 17. Bb6 e3 18. Qxe3 Nd5 19. Bxd8 Nxe3 20. Bxe7 Rfe8 21. exf6 Nxf1 22. Rxf1 Bf8 23. Bxf8 Rxf8 24. g3 Rxf6 25. Re1 Rd6 26. Re5 b6 27. Kf2 Rad8 28. Ke3 1/2-1/2

[Event "PAR-ch"]
[Site "Asuncion"]
[Date "2009.09.12"]
[Round "7"]
[White "Pereira, Fabian"]
[Black "Del Puerto, Rodrigo"]
[Result "0-1"]
[WhiteElo "2086"]
[BlackElo "2105"]
[PlyCount "116"]
[EventDate "2009.09.06"]
[EventType "swiss"]
[EventRounds "9"]
[EventCountry "PAR"]
[SourceTitle "CBM 132 Extra"]
[Source "ChessBase"]
[SourceDate "2009.11.03"]
[SourceVersion "1"]
[SourceVersionDate "2009.11.03"]
[SourceQuality "1"]

1. e4 c5 2. Nf3 e6 3. d4 cxd4 4. Nxd4 Nf6 5. Nc3 d6 6. g3 Be7 7. Bg2 0-0 8. 0-0 a6 9. a4 Qc7 10. Kh1 Nc6 11. Nb3 b6 12. f4 Rb8 13. Qe2 Re8 14. Be3 Bf8 15. Rad1 Nd7 16. Qf2 Nc5 17. Nd4 Bb7 18. g4 Rbd8 19. Nxc6 Bxc6 20. b4 Nd7 21. b5 Ba8 22. Nb1 axb5 23. axb5 Qc4 24. Nd2 Qxb5 25. Rb1 Qc6 26. Bxb6 Nxb6 27. Qxb6 Qxc2 28. Rb2 Qc5 29. Rfb1 h6 30. Qa6 Qe3 31. Qf1 d5 32. e5 d4 33. Bxa8 Rxa8 34. Qf3 Ra3 35. Kg2 Rc8 36. Qxe3 Rxe3 37. Nf3 Re4 38. Rb8 Rxb8 39. Rxb8 Rxf4 40. Kg3 Re4 41. Rd8 g6 42. Rxd4 Re2 43. Rd2 Re3 44. Kf4 Rb3 45. Rd8 Kg7 46. Rc8 Be7 47. Rc7 Rb4+ 48. Kg3 Bd8 49. Rd7 Bg5 50. Rd4 Rb3 51. Kg2 Rb2+ 52. Kg3 Be3 53. Rc4 Bf2+ 54. Kf4 g5+ 55. Ke4 Re2+ 56. Kd3 Re3+ 57. Kd2 Rxf3 58. Ke2 Rf4 0-1

[Event "PAR-ch"]
[Site "Asuncion"]
[Date "2009.09.10"]
[Round "5"]
[White "Hernandez, Angel C"]
[Black "Del Puerto, Rodrigo"]
[Result "0-1"]
[WhiteElo "2185"]
[BlackElo "2105"]
[PlyCount "80"]
[EventDate "2009.09.06"]
[EventType "swiss"]
[EventRounds "9"]
[EventCountry "PAR"]
[SourceTitle "CBM 132 Extra"]
[Source "ChessBase"]
[SourceDate "2009.11.03"]
[SourceVersion "1"]
[SourceVersionDate "2009.11.03"]
[SourceQuality "1"]

1. d4 Nf6 2. Nf3 e6 3. Bf4 d5 4. e3 Bd6 5. Bg3 0-0 6. Nbd2 c5 7. dxc5 Bxc5 8. c3 Nc6 9. Bd3 Re8 10. 0-0 e5 11. e4 Bg4 12. Bh4 d4 13. c4 Be7 14. Bxf6 Bxf6 15. a3 a5 16. b3 Be7 17. Qc2 Bc5 18. Ne1 Qe7 19. Qb2 Ra6 20. Nc2 Rb6 21. Qc1 Qg5 22. Kh1 Qh5 23. f3 Bc8 24. Qe1 Be7 25. Qf2 Nd8 26. g3 Bh3 27. Rfd1 Ne6 28. Rab1 Nc5 29. Bf1 Rh6 30. Bxh3 Qxh3 31. Qg2 Qh5 32. b4 Na4 33. Ra1 Nc3 34. Rf1 a4 35. Ne1 Bg5 36. f4 exf4 37. gxf4 Bh4 38. e5 Ne2 39. Rf3 Nc3 40. Nd3 f5 0-1

[Event "Asuncion zt 2.5"]
[Site "Asuncion"]
[Date "2009.06.16"]
[Round "7"]
[White "Del Puerto, Rodrigo"]
[Black "Demaria, Juan Pablo"]
[Result "1-0"]
[WhiteElo "2090"]
[BlackElo "2288"]
[PlyCount "71"]
[EventDate "2009.06.10"]
[EventType "swiss"]
[EventRounds "9"]
[EventCountry "PAR"]
[SourceTitle "CBM 130 Extra"]
[Source "ChessBase"]
[SourceDate "2009.07.02"]
[SourceVersion "2"]
[SourceVersionDate "2009.07.15"]
[SourceQuality "1"]

1. e4 c5 2. Nf3 d6 3. d4 cxd4 4. Nxd4 Nf6 5. Nc3 Nc6 6. Bc4 e6 7. Be3 a6 8. Qe2 Qc7 9. 0-0-0 Bd7 10. Bb3 b5 11. f4 Be7 12. f5 Na5 13. Kb1 Nxb3 14. fxe6 fxe6 15. axb3 0-0 16. Bc1 b4 17. Na4 Rac8 18. g4 e5 19. Nf5 Bc6 20. Bg5 Rf7 21. Bxf6 Rxf6 22. Nb6 Bf8 23. Nxc8 Qxc8 24. Qc4+ Kh8 25. Qxb4 g6 26. Ng3 Qxg4 27. Rdf1 Rf4 28. Rxf4 exf4 29. Qc3+ Kg8 30. Qxc6 fxg3 31. Qc4+ Kg7 32. hxg3 h5 33. Rf1 Qd7 34. Qxa6 Be7 35. b4 Qh3 36. Qd3 1-0

[Event "Asuncion zt 2.5"]
[Site "Asuncion"]
[Date "2009.06.15"]
[Round "6"]
[White "Del Puerto, Rodrigo"]
[Black "Roman, Rodrigo"]
[Result "1-0"]
[WhiteElo "2090"]
[BlackElo "1848"]
[PlyCount "65"]
[EventDate "2009.06.10"]
[EventType "swiss"]
[EventRounds "9"]
[EventCountry "PAR"]
[SourceTitle "CBM 130 Extra"]
[Source "ChessBase"]
[SourceDate "2009.07.02"]
[SourceVersion "2"]
[SourceVersionDate "2009.07.15"]
[SourceQuality "1"]

1. d4 Nf6 2. c4 g6 3. Nc3 Bg7 4. e4 d6 5. f3 0-0 6. Be3 e5 7. Nge2 Nc6 8. d5 Ne7 9. Qd2 Ne8 10. 0-0-0 f5 11. Kb1 a6 12. Nc1 Bd7 13. Nb3 Nf6 14. Bd3 Qe8 15. h3 b5 16. c5 b4 17. Ne2 a5 18. c6 Bc8 19. Qc2 Ba6 20. Bxa6 Rxa6 21. Nd2 a4 22. Qc4 Qa8 23. Qxb4 Rb8 24. Qc4 f4 25. Bf2 Nc8 26. Nc3 Nb6 27. Qd3 Kh8 28. Kc2 Ra5 29. Rb1 Qa6 30. Qxa6 Rxa6 31. Rhc1 g5 32. b3 axb3+ 33. Rxb3 1-0

[Event "Asuncion zt 2.5"]
[Site "Asuncion"]
[Date "2009.06.14"]
[Round "5"]
[White "Garcia Cardenas, Pablo"]
[Black "Del Puerto, Rodrigo"]
[Result "1-0"]
[WhiteElo "2314"]
[BlackElo "2090"]
[PlyCount "121"]
[EventDate "2009.06.10"]
[EventType "swiss"]
[EventRounds "9"]
[EventCountry "PAR"]
[SourceTitle "CBM 130 Extra"]
[Source "ChessBase"]
[SourceDate "2009.07.02"]
[SourceVersion "2"]
[SourceVersionDate "2009.07.15"]
[SourceQuality "1"]

1. e4 c5 2. Nf3 e6 3. d4 cxd4 4. Nxd4 a6 5. Nc3 Qc7 6. Be2 Bb4 7. Qd3 Nf6 8. 0-0 Nc6 9. Bg5 Be7 10. Kh1 Ng4 11. Bxg4 Bxg5 12. Rad1 0-0 13. Nde2 Be7 14. f4 d6 15. Bf3 b5 16. g4 Bb7 17. Ng3 Rad8 18. Rd2 Na5 19. Rg2 Nc4 20. b3 Nb6 21. g5 d5 22. e5 Rc8 23. Nd1 g6 24. h4 Nd7 25. Qe2 Rfd8 26. h5 Nc5 27. Nf2 d4 28. Bxb7 Qxb7 29. Nge4 Nxe4 30. Nxe4 Rxc2 31. Qxc2 d3 32. Nc5 dxc2 33. Nxb7 Rd1 34. Rxc2 Rxf1+ 35. Kg2 Rxf4 36. Rc8+ Bf8 37. Nc5 Rg4+ 38. Kf3 Rxg5 39. Nd7 gxh5 40. Rxf8+ Kg7 41. Rc8 h4 42. Rc2 Rg3+ 43. Kf4 a5 44. Nf6 Rg1 45. Rh2 a4 46. Rxh4 h6 47. Rg4+ Rxg4+ 48. Kxg4 axb3 49. axb3 b4 50. Kh5 Kh8 51. Ne8 Kh7 52. Nd6 Kg7 53. Ne4 Kh7 54. Nf6+ Kh8 55. Ng4 Kg7 56. Nxh6 f6 57. Ng4 fxe5 58. Kg5 Kf7 59. Nxe5+ Ke7 60. Kf4 Kd6 61. Ke4 1-0

[Event "Asuncion zt 2.5"]
[Site "Asuncion"]
[Date "2009.06.12"]
[Round "3"]
[White "Bachmann, Axel"]
[Black "Del Puerto, Rodrigo"]
[Result "1-0"]
[WhiteElo "2555"]
[BlackElo "2090"]
[PlyCount "63"]
[EventDate "2009.06.10"]
[EventType "swiss"]
[EventRounds "9"]
[EventCountry "PAR"]
[SourceTitle "CBM 130 Extra"]
[Source "ChessBase"]
[SourceDate "2009.07.02"]
[SourceVersion "2"]
[SourceVersionDate "2009.07.15"]
[SourceQuality "1"]

1. e4 c5 2. Nc3 e6 3. Nf3 a6 4. d4 cxd4 5. Nxd4 Qc7 6. Bd3 Nf6 7. 0-0 Bc5 8. Nb3 Be7 9. f4 d6 10. Qe2 Nc6 11. Bd2 0-0 12. Rae1 Nd7 13. Kh1 b6 14. Nd5 exd5 15. exd5 Nce5 16. fxe5 Nxe5 17. Nd4 Bg4 18. Qe4 g6 19. Nc6 f5 20. Nxe7+ Qxe7 21. Qd4 Qc7 22. h3 Bh5 23. Bb4 Rfe8 24. Re3 Nxd3 25. Qxd3 Qf7 26. Bc3 Rxe3 27. Qxe3 Re8 28. Qd4 Re5 29. Qxb6 Rxd5 30. Qd8+ Qf8 31. Qxf8+ Kxf8 32. g4 1-0

[Event "Asuncion zt 2.5"]
[Site "Asuncion"]
[Date "2009.06.11"]
[Round "2"]
[White "Del Puerto, Rodrigo"]
[Black "Benitez, Jose Rodolfo"]
[Result "1-0"]
[WhiteElo "2090"]
[BlackElo "1939"]
[PlyCount "61"]
[EventDate "2009.06.10"]
[EventType "swiss"]
[EventRounds "9"]
[EventCountry "PAR"]
[SourceTitle "CBM 130 Extra"]
[Source "ChessBase"]
[SourceDate "2009.07.02"]
[SourceVersion "2"]
[SourceVersionDate "2009.07.15"]
[SourceQuality "1"]

1. e4 b6 2. d4 e6 3. Nf3 Bb7 4. Bd3 c5 5. c3 d6 6. 0-0 Nd7 7. Qe2 Be7 8. Nbd2 Qc7 9. Re1 Ngf6 10. a4 h6 11. Nc4 Nf8 12. e5 Nd5 13. Nxd6+ Bxd6 14. exd6 Qxd6 15. Ne5 Nd7 16. Qg4 Nxe5 17. dxe5 Qe7 18. Bb5+ Kf8 19. h4 Nc7 20. Bf1 Rd8 21. h5 Qd7 22. a5 b5 23. Be3 Qc6 24. b4 Na6 25. Rad1 Rd5 26. Bc1 c4 27. Rxd5 exd5 28. e6 Qe8 29. Bf4 Qe7 30. Qg3 Qe8 31. Bd6+ 1-0

[Event "PAR-ch"]
[Site "Asuncion"]
[Date "2008.06.26"]
[Round "11"]
[White "Zarza, Ronald"]
[Black "Del Puerto, Rodrigo"]
[Result "1-0"]
[WhiteElo "2075"]
[BlackElo "1995"]
[PlyCount "63"]
[EventDate "2008.05.31"]
[EventType "swiss"]
[EventRounds "11"]
[EventCountry "PAR"]
[SourceTitle "EXT 2009"]
[Source "ChessBase"]
[SourceDate "2008.11.26"]
[SourceVersion "1"]
[SourceVersionDate "2008.11.26"]
[SourceQuality "1"]

1. e4 c5 2. Nf3 e6 3. d4 cxd4 4. Nxd4 Nc6 5. Nc3 Qc7 6. Nxc6 bxc6 7. Bd3 Nf6 8. 0-0 Be7 9. Qe2 0-0 10. f4 g6 11. f5 exf5 12. exf5 d5 13. Bf4 Qb6+ 14. Kh1 Re8 15. Rae1 d4 16. fxg6 hxg6 17. Bg5 Bg4 18. Qe5 Bd8 19. Qf4 Rxe1 20. Rxe1 dxc3 21. Bxf6 Bxf6 22. Qxf6 cxb2 23. Bc4 c5 24. Bxf7+ Kh7 25. Bxg6+ Kh6 26. Qh4+ Kxg6 27. Qxg4+ Kf6 28. Rf1+ Ke5 29. Rf5+ Kd6 30. Qg6+ Kc7 31. Rf7+ Kc8 32. Qg4+ 1-0

[Event "PAR-ch"]
[Site "Asuncion"]
[Date "2008.06.21"]
[Round "7"]
[White "Del Puerto, Rodrigo"]
[Black "Recalde, Augusto"]
[Result "1-0"]
[WhiteElo "1995"]
[BlackElo "2005"]
[PlyCount "63"]
[EventDate "2008.05.31"]
[EventType "swiss"]
[EventRounds "11"]
[EventCountry "PAR"]
[SourceTitle "EXT 2009"]
[Source "ChessBase"]
[SourceDate "2008.11.26"]
[SourceVersion "1"]
[SourceVersionDate "2008.11.26"]
[SourceQuality "1"]

1. e4 d5 2. exd5 Qxd5 3. Nc3 Qa5 4. d4 c6 5. Nf3 Nf6 6. h3 Bf5 7. Bd3 Bxd3 8. Qxd3 Nbd7 9. 0-0 e6 10. Bf4 Bb4 11. Ne5 Nxe5 12. Bxe5 0-0-0 13. Ne4 Nxe4 14. Qxe4 f6 15. Bg3 Qd5 16. Qe2 Rde8 17. Rfd1 Ba5 18. c4 Qf5 19. Rab1 Bc7 20. Bxc7 Kxc7 21. b4 Rd8 22. Rb3 e5 23. d5 cxd5 24. cxd5 Kd6 25. Qb5 Qc2 26. Rdd3 Rc8 27. Qxb7 Qc1+ 28. Kh2 Qf4+ 29. Rg3 Rc7 30. Qa6+ Kxd5 31. Rbd3+ Ke4 32. Qd6 1-0

[Event "PAR-ch"]
[Site "Asuncion"]
[Date "2008.06.07"]
[Round "3"]
[White "Patriarca, Luis"]
[Black "Del Puerto, Rodrigo"]
[Result "1/2-1/2"]
[WhiteElo "2333"]
[BlackElo "1995"]
[PlyCount "190"]
[EventDate "2008.05.31"]
[EventType "swiss"]
[EventRounds "11"]
[EventCountry "PAR"]
[SourceTitle "CBM 124 Extra"]
[Source "ChessBase"]
[SourceDate "2008.07.03"]
[SourceVersion "1"]
[SourceVersionDate "2008.07.03"]
[SourceQuality "1"]

1. d4 Nf6 2. c4 g6 3. Nc3 Bg7 4. g3 0-0 5. Bg2 d6 6. e3 e5 7. Nge2 Nc6 8. 0-0 Bg4 9. h3 Bf5 10. d5 Ne7 11. g4 Bd7 12. e4 h5 13. f3 c5 14. dxc6 Bxc6 15. Be3 Qc7 16. Qd2 Rfd8 17. Rac1 Qd7 18. Rfd1 b6 19. Ng3 hxg4 20. hxg4 Bb7 21. Kf2 Nh7 22. Rh1 Nc6 23. Nge2 Nf8 24. Bh6 f6 25. Bxg7 Qxg7 26. Qd5+ Qf7 27. Rh8+ Kg7 28. Qxf7+ Kxf7 29. Rch1 Nb4 30. Ke3 Kg7 31. b3 a6 32. R8h2 b5 33. cxb5 axb5 34. Nc1 d5 35. exd5 Nxd5+ 36. Nxd5 Bxd5 37. Bf1 Bc6 38. Rc2 Rd6 39. Nd3 Ne6 40. Rch2 Ng5 41. Ne1 Rd1 42. Be2 Ra1 43. Nd3 Rxh1 44. Rxh1 Rxa2 45. Rc1 Rxe2+ 46. Kxe2 Bxf3+ 47. Ke3 Bxg4 48. Rc7+ Kf8 49. Rb7 Ne6 50. Rxb5 Nd4 51. Rb6 Ke7 52. b4 g5 53. Nf2 Be6 54. Rb7+ Kd8 55. Ne4 Bd5 56. Rb6 Nc2+ 57. Kd3 Ne1+ 58. Ke2 Bxe4 59. Kxe1 Ke7 60. b5 f5 61. Rg6 g4 62. b6 Kd7 63. Rg7+ Kc8 64. Re7 Kb8 65. Kf2 Bf3 66. Kg3 Be4 67. Rxe5 Kb7 68. Rb5 Bd3 69. Rb4 Be4 70. Kf4 Kb8 71. Rb3 Kb7 72. Ke5 Bc2 73. Rb2 Be4 74. Kf4 Kb8 75. Rh2 Kb7 76. Rh6 Bc2 77. Rg6 Be4 78. Ke5 Bc6 79. Kxf5 Kxb6 80. Kxg4 Kc5 81. Kf4 Bd5 82. Ke5 Bb3 83. Rg3 Kc4 84. Rg4+ Kc5 85. Rg7 Kc4 86. Rd7 Bc2 87. Rd4+ Kc3 88. Rd8 Kc4 89. Kf4 Bb3 90. Ke4 Bc2+ 91. Ke3 Bb3 92. Rd4+ Kc3 93. Rd7 Kc4 94. Rb7 Ba4 95. Rh7 Bc6 1/2-1/2